000 00539nam a2200205Ia 4500
003 OSt
005 20230603103435.0
008 210423s2007 xx 000 0 und d
040 _cAL
041 _aeng
082 _a361.3
_223
_b MATM
100 _aMATHUR (Raj Bala)
_9119140
245 _aModernisation of social work
260 _aJaipur
_bBook Enclave
_c2007
365 _b750
_cINR
650 _aSocial Problems & Services
_9119141
650 _aSocial Work
_9119142
906 _aModernisation ; social ; work
942 _2ddc
_cBK
999 _c174819
_d174819